01232nam0a2200229 4500001001800000005001700018035002600035100004100061101000800102102000700110105001600117200032100133210004100454215001500495541016500510606011500675606012100790686001400911686001300925801002800938852003600966RU\NLR\ONL1\1138120260408205630.0 a(NLR Aleph) 009640127 a20070606d1978 |||y0rusy50 ca0 audm aRU ay |||||||||1 aУроке - выл амалъёсeудмурт кыллы но литературалы дышетисьёслы юрттэтfУдмурт АССР-ысь калыкез дышетонъя м-во. Удмурт АССР-ысь дышетисььёслэсъ тодонлыксэс будэтонъя ин-т aИжевскcУдмуртияd1978 a96 с.d201 aНовое на уроках языка и литературыeв помощь учителям удмуртского языка и литературыzrus0 aУдмуртский языкxПреподаваниеxНачальная школа3RU\NLR\auth-onl\6661 aУдмуртская литератураxПреподаваниеxСредняя школа3RU\NLR\auth-onl\66711 aЧ426.1511 aЧ426.21 0aRUbNLRc20070606gPSBO aNLRbОНЛjУдмур./3-1377